All Women Winners at WrestleMania - Statistics

General Stats
  • This quiz has been taken 49 times
    36 since last reset
  • The average score is 52 of 67
Answer Stats
WrestleMania Defeated Opponent(s) Winner % Correct
WrestleMania 33 Teamed with John Cena to defeat the Miz and Maryse Nikki Bella
100%
WrestleMania 33 Charlotte Flair, Nia Jax, and Sasha Banks in a Fatal Four-Way Match Bayley
96%
WrestleMania 36 Sasha Banks, Lacey Evans, Naomi & Tamina in a Fatal Five-Way Bayley
96%
WrestleMania XL IYO SKY Bayley
96%
WrestleMania 37 Sasha Banks Bianca Belair
96%
WrestleMania 38 Becky Lynch Bianca Belair
96%
WrestleMania 39 Asuka Bianca Belair
96%
WrestleMania XL Asuka, Kairi Sane, Dakota Kai Bianca Belair
96%
WrestleMania 34 Teamed with Kurt Angle to defeat Triple H & Stephanie McMahon Ronda Rousey
96%
WrestleMania 39 Liv Morgan & Raquel Rodriguez, Natalya & Shotzi, and Chelsea Green & Sonya Deville in a Fatal Four Way Tag Team Match Ronda Rousey
96%
WrestleMania XIX Victoria & Jazz in a Triple Threat Match Trish Stratus
96%
WrestleMania 21 Christy Hemme Trish Stratus
96%
WrestleMania XXVII Teamed with John Morrison and answer above to defeat Dolph Ziggler & LayCool in a mixed 6-person tag match Trish Stratus
96%
WrestleMania 39 Damage CTRL in a six-woman Tag Team Match Trish Stratus
96%
WrestleMania 35 Ronda Rousey & Charlotte Flair in a Triple Threat Match Becky Lynch
93%
WrestleMania 36 Shayna Baszler Becky Lynch
93%
WrestleMania 39 Damage CTRL in a six-woman Tag Team Match Becky Lynch
93%
WrestleMania 39 Charlotte Flair Rhea Ripley
93%
WrestleMania XL Becky Lynch Rhea Ripley
93%
WrestleMania 32 Becky Lynch and Sasha Banks in a Triple Threat Match Charlotte Flair
89%
WrestleMania 34 Asuka Charlotte Flair
89%
WrestleMania 36 Rhea Ripley Charlotte Flair
89%
WrestleMania 38 Ronda Rousey Charlotte Flair
89%
WrestleMania 39 Damage CTRL in a six-woman Tag Team Match Lita
89%
WrestleMania 38 Carmella & Zelina Vega, Liv Morgan & Rhea Ripley, and Natalya & Shayna Baszler in a Fatal Four Way for the Tag Team Titles Sasha Banks
89%
WrestleMania 22 Trish Stratus Mickie James
86%
WrestleMania 33 Alexa Bliss, Becky Lynch, Carmella, Mickie James and Natalya in a Six-Pack challenege Naomi
86%
WrestleMania 38 Carmella & Zelina Vega, Liv Morgan & Rhea Ripley, and Natalya & Shayna Baszler in a Fatal Four Way for the Tag Team Titles Naomi
86%
WrestleMania XL Asuka, Kairi Sane, Dakota Kai Naomi
86%
WrestleMania 37 Natalya & Tamina for the Tag Team Titles Shayna Baszler
86%
WrestleMania 39 Liv Morgan & Raquel Rodriguez, Natalya & Shotzi, and Chelsea Green & Sonya Deville in a Fatal Four Way Tag Team Match Shayna Baszler
86%
WrestleMania 36 The Kabuki Warriors for the Tag Team Titles Alexa Bliss
82%
WrestleMania XL Asuka, Kairi Sane, Dakota Kai Jade Cargill
82%
WrestleMania 37 The Riott Squad, Billy Kay & Carmella, and Dana Brooke & Mandy Rose in a Tag Team Eliminator Match Natalya
82%
WrestleMania XVIII Beth Phoenix & Eve Torres in a tag match Kelly Kelly
79%
WrestleMania 34 Alexa Bliss Nia Jax
79%
WrestleMania 37 Natalya & Tamina for the Tag Team Titles Nia Jax
79%
WrestleMania XXX 13 Woman Vickie Guerrero Invitational Match AJ Lee
75%
WrestleMania 31 The Bellas in a tag match AJ Lee
75%
WrestleMania XXIV Maria & Ashley in a Tag Match Beth Phoenix
75%
WrestleMania XXVI Beth Phoenix, Eve Torres, Gail Kim, Kelly Kelly, and Mickie James in a 10-woman tag match Michelle McCool
75%
WrestleMania 36 The Kabuki Warriors for the Tag Team Titles Nikki Cross
75%
WrestleMania 37 The Riott Squad, Billy Kay & Carmella, and Dana Brooke & Mandy Rose in a Tag Team Eliminator Match Tamina
75%
WrestleMania 31 The Bellas in a tag match Paige
71%
WrestleMania 35 Boss n' Hug Connection, Nia Jax & Tamina, and Beth Phoenix & Natalya in a Fatal Four Way for the Tag Team Titles Billy Kay
68%
WrestleMania 2000 Teamed with Too Cool to defeat Perry Saturn, Dean Malenko, and Eddie Guerrero Chyna
68%
WrestleMania X-7 Ivory Chyna
68%
WrestleMania II Velvet McIntyre The Fabulous Moolah
68%
WrestleMania 22 Candice Michelle Torrie Wilson
68%
WrestleMania X8 Trish Status & Lita in a Triple Threat Match Jazz
64%
WrestleMania XXVII Teamed with John Morrison and one other woman (below) to defeat Dolph Ziggler & LayCool in a mixed 6-person tag match Nicole "Snooki" Polizzi
64%
WrestleMania XIV Teamed with Marc Mero to defeat Goldust & Luna Vachon Sable
64%
WrestleMania XV Tori Sable
64%
WrestleMania XXVI Beth Phoenix, Eve Torres, Gail Kim, Kelly Kelly, and Mickie James in a 10-woman tag match Layla
61%
WrestleMania 23 Ashley Melina
61%
WrestleMania XXIV Maria & Ashley in a Tag Match Melina
61%
WrestleMania 35 Boss n' Hug Connection, Nia Jax & Tamina, and Beth Phoenix & Natalya in a Fatal Four Way for the Tag Team Titles Peyton Royce
61%
WrestleMania XX Molly Holly in a Hair v Title Match Victoria
61%
WrestleMania I Lelani Kai Wendy Richter
61%
WrestleMania X Lelani Kai Alundra Blayze
54%
WrestleMania XXVIII Beth Phoenix & Eve Torres in a tag match Maria Menounos
54%
WrestleMania VI Teamed with Dusty Rhodes to defeat Randy Savage & Sherri Sapphire
54%
WrestleMania X Teamed with Bam Bam Bigelow to defeat Doink & Dink Luna Vachon
50%
WrestleMania XXVI Beth Phoenix, Eve Torres, Gail Kim, Kelly Kelly, and Mickie James in a 10-woman tag match Maryse
50%
WrestleMania XXVI Beth Phoenix, Eve Torres, Gail Kim, Kelly Kelly, and Mickie James in a 10-woman tag match Vickie Guerrero
46%
WrestleMania XXVI Beth Phoenix, Eve Torres, Gail Kim, Kelly Kelly, and Mickie James in a 10-woman tag match Alicia Fox
43%
WrestleMania 2000 The Kat Terri Runnels
29%
No matching quizzes found
Score Distribution
Percent of People with Each Score
Percentile by Number Answered
Your Score History
You have not taken this quiz since the last reset